000 00302nam a22001217a 4500
020 _a07-023115-X
082 _a624.1 STR'G
100 _aGAYLORD, E.H,GAYLORD, C.N
_978994
245 _aSTRUCTURAL ENGINEERING HANDBOOK
260 _aNEWYORK
_bMCGRAW HILL
_c1968
300 _aXVIII, 26-20P
942 _cBK
999 _c584064
_d584064